000 00298nam a22001337a 4500
008 170216b xxu||||| |||| 00| 0 eng d
020 _a0095
041 _aeng
080 _a61
100 _a4
101 _aSHM
245 _aMEDICAL DICTIONARY AND HEALTH MANUAL
_cROTHENBERG, R.E
942 _2udc
_cBK
999 _c5684
_d5684